| 000 | 00836nam a2200217Ia 4500 | ||
|---|---|---|---|
| 003 | GCL | ||
| 008 | 140319s9999 xx 000 0 ara d | ||
| 020 | _a0564232977 | ||
| 040 |
_aGCL / _cGCL |
||
| 082 | 0 | 4 |
_a228.1 _bخ ح |
| 100 | 1 | _aعبدالعال سالم مكرم | |
| 245 | 1 | 0 |
_aالحجة فى القراءات السبع للامام ابن خالويه / _cعبدالعال سالم مكرم |
| 700 | 1 | _aابن خالوية : ابوعبدالله الحسين بن احمد بن خالوية بن حمدانى الهمذانى | |
| 250 | _aالاولى | ||
| 260 |
_aالقاهرة : _bعالم الكتب ، _c2007 |
||
| 300 |
_a416 ص ؛ _c24 سم |
||
| 650 | 0 | 4 | _aالقران، القراءات والتجويد |
| 650 | 0 | 4 | _aالقران - سور وايات |
| 650 | 0 | 4 | _aالقران، علوم |
| 942 |
_2ddc _cBK |
||
| 999 |
_c9734 _d9734 |
||